| 000 | 00376nam a2200157Ia 4500 | ||
|---|---|---|---|
| 005 | 20250428030704.0 | ||
| 008 | 240331s9999 xx 000 0 und d | ||
| 020 | _a9789555736121 | ||
| 082 |
_bRAJ _a891 |
||
| 100 | _aRajakaruna,S | ||
| 245 | 0 | _aMathakapaota -2 | |
| 260 |
_aColombo _bSarasavi Publication _c2007 |
||
| 300 | _a210 p ., | ||
| 650 | _aMataka Pothak | ||
| 942 | _cL | ||
| 999 |
_c5448 _d5448 |
||